[Event "SVR-ch MAT-II 36th"]
[Site "Idar Oberstein"]
[Date "2013.03.29"]
[Round "6"]
[White "Zirwes, Hans Juergen"]
[Black "Klein, Maximilian"]
[Result "0-1"]
[WhiteElo "1920"]
[BlackElo "1995"]
[PlyCount "142"]
[EventDate "2013.03.23"]
[EventType "tourn"]
[EventRounds "7"]
[EventCountry "GER"]
[SourceTitle "EXT 2014"]
[Source "ChessBase"]
[SourceDate "2013.11.20"]
[SourceVersion "1"]
[SourceVersionDate "2013.11.20"]
[SourceQuality "1"]

1. d4 d5 2. Nf3 Nf6 3. e3 e6 4. Bd3 c5 5. c3 Bd6 6. 0-0 0-0 7. Nbd2 Nc6 8. Re1 e5 9. dxc5 Bxc5 10. Bb5 Qc7 11. Qe2 e4 12. Nd4 Bg4 13. f3 Bh5 14. Qf2 exf3 15. N2xf3 Ne4 16. Qh4 Bg6 17. Rf1 a6 18. Ba4 b5 19. Bb3 Rad8 20. Nxc6 Qxc6 21. Ne5 Qe6 22. Nd3 Be7 23. Qe1 Nf6 24. Nf4 Qb6 25. Nxg6 hxg6 26. Qe2 Bc5 27. Bd2 Rfe8 28. Rae1 Re5 29. h3 Ne4 30. Rf3 Nxd2 31. Qxd2 Rde8 32. Kf2 Qe6 33. Re2 Rf5 34. Rxf5 Qxf5+ 35. Ke1 Re5 36. Bc2 Qg5 37. e4 Qh4+ 38. Kd1 dxe4 39. Qd7 Qf4 40. Qc6 e3 41. Bd3 Qa4+ 42. Kc1 Qxa2 43. Bb1 Qc4 44. Qf3 b4 45. Qg4 Qxg4 46. hxg4 bxc3 47. bxc3 Rg5 48. Be4 Rxg4 49. Bf3 Ra4 50. Kb2 g5 51. Re1 g4 52. Be2 a5 53. g3 Re4 54. Bd3 Re7 55. Bf5 Bd6 56. Bxg4 Bxg3 57. Re2 g6 58. Bf3 f5 59. Kb3 Kf7 60. Ra2 Bc7 61. c4 g5 62. Kc3 g4 63. Bd5+ Kf6 64. Kd3 f4 65. Be4 Bb6 66. Rb2 Bc5 67. Rg2 Rd7+ 68. Bd5 f3 69. Rxg4 e2 70. Rf4+ Kg5 71. Re4 Bb4 0-1

[Event "SVR-ch MAT-II 36th"]
[Site "Idar Oberstein"]
[Date "2013.03.28"]
[Round "4"]
[White "Klein, Maximilian"]
[Black "Schwab, Thomas"]
[Result "1-0"]
[WhiteElo "1995"]
[BlackElo "2067"]
[PlyCount "119"]
[EventDate "2013.03.23"]
[EventType "tourn"]
[EventRounds "7"]
[EventCountry "GER"]
[SourceTitle "EXT 2014"]
[Source "ChessBase"]
[SourceDate "2013.11.20"]
[SourceVersion "1"]
[SourceVersionDate "2013.11.20"]
[SourceQuality "1"]

1. e4 c5 2. Nf3 d6 3. d4 cxd4 4. Nxd4 Nf6 5. Nc3 g6 6. Bc4 Bg7 7. f3 a6 8. Be3 b5 9. Bb3 Nbd7 10. Qd2 Bb7 11. Bh6 Bxh6 12. Qxh6 Ne5 13. 0-0-0 Qc7 14. Rhe1 Rc8 15. f4 Nc4 16. Bxc4 Qxc4 17. e5 dxe5 18. fxe5 Nd5 19. Qg7 Rf8 20. Ne4 Kd7 21. b3 Qb4 22. Kb2 Kc7 23. a3 Qa5 24. e6 f6 25. b4 Qb6 26. Nc5 Rfd8 27. Ndb3 Kb8 28. Qxh7 Ka8 29. Qxg6 Bc6 30. Qf5 a5 31. Nxa5 Qc7 32. g3 Nb6 33. Qf4 Rd6 34. Nxc6 Qxc6 35. Qe4 Na4+ 36. Nxa4 Qxe4 37. Rxe4 Rxd1 38. Nb6+ Kb7 39. Nxc8 Kxc8 40. Rh4 Kc7 41. Re4 Kd6 42. Re3 Rf1 43. Re2 Kd5 44. c3 Rg1 45. Kb3 Rb1+ 46. Rb2 Ra1 47. Rd2+ Kxe6 48. c4 bxc4+ 49. Kxc4 Rxa3 50. b5 Ra1 51. b6 Rb1 52. Kc5 Kf5 53. Kc6 e5 54. b7 e4 55. Rd8 Rc1+ 56. Kd7 Rd1+ 57. Ke8 Rb1 58. b8Q Rxb8 59. Rxb8 e3 60. Kf7 1-0

[Event "SVR-ch MAT-II 36th"]
[Site "Idar Oberstein"]
[Date "2013.03.24"]
[Round "3"]
[White "Becker, Wilhelm"]
[Black "Klein, Maximilian"]
[Result "1/2-1/2"]
[WhiteElo "1987"]
[BlackElo "1995"]
[PlyCount "46"]
[EventDate "2013.03.23"]
[EventType "tourn"]
[EventRounds "7"]
[EventCountry "GER"]
[SourceTitle "EXT 2014"]
[Source "ChessBase"]
[SourceDate "2013.11.20"]
[SourceVersion "1"]
[SourceVersionDate "2013.11.20"]
[SourceQuality "1"]

1. d4 d5 2. c4 c6 3. Nf3 Nf6 4. Nc3 a6 5. e3 b5 6. b3 Bg4 7. h3 Bh5 8. Be2 e6 9. Bb2 Be7 10. Qc2 0-0 11. 0-0 Qb6 12. Rab1 Nbd7 13. Rfe1 Ne4 14. Ne5 Nxe5 15. Bxh5 Nxc3 16. Bxc3 Nd7 17. Be2 f5 18. Bd3 Rf7 19. Re2 Raf8 20. Rbe1 Qb8 21. cxb5 cxb5 22. Bd2 Rc8 23. Qb2 Bd6 1/2-1/2

[Event "SVR-ch MTB 35th"]
[Site "Nickenich"]
[Date "2012.04.05"]
[Round "7"]
[White "Fink, Christian"]
[Black "Klein, Maximilian"]
[Result "1-0"]
[WhiteElo "2100"]
[BlackElo "1974"]
[PlyCount "68"]
[EventDate "2012.03.30"]
[EventType "tourn"]
[EventRounds "9"]
[EventCountry "GER"]
[SourceTitle "EXT 2013"]
[Source "ChessBase"]
[SourceDate "2012.11.22"]
[SourceVersion "1"]
[SourceVersionDate "2012.11.22"]
[SourceQuality "1"]

1. e4 c6 2. d3 d5 3. Nd2 e5 4. g3 Nf6 5. Bg2 Be7 6. Ngf3 Nbd7 7. 0-0 0-0 8. Re1 dxe4 9. dxe4 Qc7 10. c3 Re8 11. a3 a5 12. b3 b6 13. Bb2 Ba6 14. Bf1 Bxf1 15. Nxf1 Bf8 16. Qc2 Nc5 17. a4 Rad8 18. Kg2 Nd3 19. Re2 Rd7 20. Ne1 Nxb2 21. Qxb2 Red8 22. Qc2 Bc5 23. h3 Ne8 24. Nd2 g6 25. Nc4 Ng7 26. Nf3 f6 27. Ree1 Ne6 28. Nb2 Bf8 29. Qe2 Nc5 30. Qc4+ Kg7 31. b4 Nd3 32. Nxd3 Rxd3 33. bxa5 bxa5 34. Nd4 Rd2 1-0

[Event "Wiesbaden op 23rd"]
[Site "Wiesbaden"]
[Date "2011.08.26"]
[Round "3"]
[White "Klein, Maximilian"]
[Black "Kiese, Matthias"]
[Result "1-0"]
[WhiteElo "2006"]
[BlackElo "2258"]
[PlyCount "61"]
[EventDate "2011.08.25"]
[EventType "swiss"]
[EventRounds "7"]
[EventCountry "GER"]
[SourceTitle "CBM 144 Extra"]
[Source "ChessBase"]
[SourceDate "2011.10.28"]
[SourceVersion "1"]
[SourceVersionDate "2011.10.28"]
[SourceQuality "1"]

1. e4 c5 2. Nf3 d6 3. d4 cxd4 4. Nxd4 Nf6 5. Nc3 a6 6. Be2 e5 7. Nb3 Be7 8. 0-0 0-0 9. Kh1 Be6 10. f4 Qc7 11. f5 Bc4 12. g4 d5 13. g5 Nxe4 14. Nxe4 dxe4 15. f6 Bd8 16. Be3 Bxe2 17. Qxe2 Nd7 18. Qg4 Qc6 19. Rad1 Bb6 20. fxg7 Bxe3 21. Rxd7 Rfd8 22. Rfxf7 Bf4 23. Na5 Rxd7 24. Rf8+ Kxg7 25. Nxc6 Rxf8 26. Qxd7+ Rf7 27. Ne7 Bxg5 28. Qg4 h6 29. Nf5+ Kg6 30. Nh4+ Kg7 31. Qxe4 1-0

[Event "Rheinland Pfalz op 3rd"]
[Site "Gau Algesheim"]
[Date "2011.08.01"]
[Round "5"]
[White "Hirschmann, Jakob"]
[Black "Klein, Maximilian"]
[Result "1/2-1/2"]
[WhiteElo "1799"]
[BlackElo "2006"]
[PlyCount "56"]
[EventDate "2011.07.28"]
[EventType "swiss"]
[EventRounds "7"]
[EventCountry "GER"]
[SourceTitle "EXT 2013"]
[Source "ChessBase"]
[SourceDate "2012.11.22"]
[SourceVersion "1"]
[SourceVersionDate "2012.11.22"]
[SourceQuality "1"]

1. e4 c6 2. d3 d5 3. Nd2 Nd7 4. Ngf3 e5 5. g3 Ngf6 6. Bg2 Bd6 7. 0-0 0-0 8. Re1 Re8 9. Nf1 Nf8 10. h4 d4 11. N1h2 a5 12. Bg5 h6 13. Bxf6 Qxf6 14. c3 c5 15. cxd4 cxd4 16. Rc1 Bd7 17. Nd2 b5 18. Nb3 Rac8 19. Qe2 Bb4 20. Rf1 a4 21. Nd2 Rc6 22. a3 Ba5 23. b4 Bb6 24. f4 Rxc1 25. Rxc1 exf4 26. Rf1 Bc7 27. gxf4 Qxh4 28. e5 f5 1/2-1/2

[Event "SVR-ch MTB 34th"]
[Site "Reil"]
[Date "2011.04.21"]
[Round "7"]
[White "Roos, Christoph"]
[Black "Klein, Maximilian"]
[Result "1/2-1/2"]
[WhiteElo "2100"]
[BlackElo "1977"]
[PlyCount "74"]
[EventDate "2011.04.15"]
[EventType "tourn"]
[EventRounds "9"]
[EventCountry "GER"]
[SourceTitle "EXT 2013"]
[Source "ChessBase"]
[SourceDate "2012.11.22"]
[SourceVersion "1"]
[SourceVersionDate "2012.11.22"]
[SourceQuality "1"]

1. e4 c6 2. c4 d5 3. exd5 cxd5 4. cxd5 Nf6 5. Qa4+ Nbd7 6. Nc3 g6 7. Nf3 Bg7 8. Qb3 0-0 9. Bc4 Nb6 10. d3 Bg4 11. Ng5 Rc8 12. Be3 h6 13. Bxb6 Qxb6 14. Qxb6 axb6 15. Nf3 Bxf3 16. gxf3 Rfd8 17. 0-0 b5 18. Bxb5 Nxd5 19. Bc4 Nxc3 20. bxc3 Bxc3 21. Rab1 Rc7 22. Rfc1 Be5 23. Rb5 Bf4 24. Rcb1 Rdd7 25. h3 e6 26. Kf1 Bd6 27. Ke2 Bc5 28. R5b3 b6 29. Bb5 Rd4 30. Rc3 Kg7 31. Rbc1 Re7 32. Rc4 e5 33. Rxd4 Bxd4 34. a4 Kf6 35. Kf1 Kg5 36. Kg2 h5 37. Rc6 Ra7 1/2-1/2

[Event "SVR-ch MTB 34th"]
[Site "Reil"]
[Date "2011.04.17"]
[Round "5"]
[White "Klein, Maximilian"]
[Black "Yankelevich, Lev"]
[Result "1/2-1/2"]
[WhiteElo "1977"]
[BlackElo "1973"]
[PlyCount "26"]
[EventDate "2011.04.15"]
[EventType "tourn"]
[EventRounds "9"]
[EventCountry "GER"]
[SourceTitle "EXT 2013"]
[Source "ChessBase"]
[SourceDate "2012.11.22"]
[SourceVersion "1"]
[SourceVersionDate "2012.11.22"]
[SourceQuality "1"]

1. e4 Nf6 2. e5 Nd5 3. d4 d6 4. c4 Nb6 5. exd6 exd6 6. Nc3 Be7 7. Bd3 Nc6 8. Nge2 Bg4 9. Be3 0-0 10. 0-0 Nb4 11. b3 Nxd3 12. Qxd3 Qd7 13. Ng3 Bh4 1/2-1/2

[Event "SVR-ch MTB 34th"]
[Site "Reil"]
[Date "2011.04.16"]
[Round "3"]
[White "Klein, Maximilian"]
[Black "Barzen, Pascal"]
[Result "1/2-1/2"]
[WhiteElo "1977"]
[BlackElo "1922"]
[PlyCount "57"]
[EventDate "2011.04.15"]
[EventType "tourn"]
[EventRounds "9"]
[EventCountry "GER"]
[SourceTitle "EXT 2013"]
[Source "ChessBase"]
[SourceDate "2012.11.22"]
[SourceVersion "1"]
[SourceVersionDate "2012.11.22"]
[SourceQuality "1"]

1. e4 c6 2. d4 d5 3. Nc3 dxe4 4. Nxe4 Bf5 5. Ng3 Bg6 6. Nf3 Nd7 7. h4 h6 8. h5 Bh7 9. Bd3 Bxd3 10. Qxd3 Ngf6 11. Bd2 e6 12. 0-0-0 Qc7 13. Qe2 0-0-0 14. Ne5 Nxe5 15. dxe5 Nd5 16. f4 Bc5 17. c4 Nb4 18. Bxb4 Bxb4 19. Kb1 Rxd1+ 20. Rxd1 Rd8 21. Ne4 Rxd1+ 22. Qxd1 Qd8 23. Qxd8+ Kxd8 24. Kc2 b6 25. Kd3 Be7 26. g4 f6 27. Kd4 c5+ 28. Ke3 Kd7 29. Kd3 1/2-1/2

[Event "SVR-ch MTB 33rd"]
[Site "Mendig"]
[Date "2010.03.26"]
[Round "1"]
[White "Moeller, Jeremy"]
[Black "Klein, Maximilian"]
[Result "1/2-1/2"]
[WhiteElo "1816"]
[BlackElo "1967"]
[PlyCount "37"]
[EventDate "2010.03.26"]
[EventType "tourn"]
[EventRounds "9"]
[EventCountry "GER"]
[SourceTitle "EXT 2011"]
[Source "ChessBase"]
[SourceDate "2010.11.26"]
[SourceVersion "1"]
[SourceVersionDate "2010.11.26"]
[SourceQuality "1"]

1. f4 d5 2. Nf3 Nf6 3. e3 e6 4. b3 c5 5. Bb2 a6 6. Be2 Nc6 7. 0-0 d4 8. Bd3 Be7 9. Na3 b5 10. Kh1 0-0 11. c3 dxe3 12. dxe3 Qc7 13. Qc2 e5 14. Nxe5 Nxe5 15. fxe5 Qxe5 16. c4 Qh5 17. Rae1 b4 18. Nb1 Bd6 19. h3 1/2-1/2

[Event "SVR-ch MTA 31th"]
[Site "Idar Oberstein"]
[Date "2008.03.21"]
[Round "8"]
[White "Klein, Maximilian"]
[Black "Hastrich, Julian"]
[Result "1/2-1/2"]
[WhiteElo "1926"]
[BlackElo "2065"]
[PlyCount "82"]
[EventDate "2008.03.14"]
[EventType "tourn"]
[EventRounds "9"]
[EventCountry "GER"]
[SourceTitle "EXT 2009"]
[Source "ChessBase"]
[SourceDate "2008.11.26"]
[SourceVersion "1"]
[SourceVersionDate "2008.11.26"]
[SourceQuality "1"]

1. e4 e5 2. Nf3 Nf6 3. Nxe5 d6 4. Nf3 Nxe4 5. d4 d5 6. Bd3 Bd6 7. 0-0 0-0 8. c4 c6 9. Re1 Re8 10. Nc3 Nxc3 11. bxc3 Bg4 12. Bg5 Be7 13. Bf4 Nd7 14. cxd5 cxd5 15. h3 Be6 16. Qc2 Nf8 17. Rab1 b6 18. Ne5 Qc8 19. Bb5 Bf5 20. Bd3 Bxd3 21. Qxd3 Ng6 22. Nxg6 hxg6 23. Re2 Bf8 24. Rbe1 Rxe2 25. Rxe2 Qc6 26. Bd2 b5 27. Re1 Rc8 28. Rb1 a6 29. Rb3 Qe6 30. Kf1 Rc4 31. Qb1 Qd6 32. Kg1 Qc7 33. Qb2 Ra4 34. Qb1 Qc4 35. Qb2 Qe2 36. Be3 Qxb2 37. Rxb2 Rc4 38. Rb3 Bd6 39. Kf1 Kf8 40. Ke2 Ke7 41. Kd3 Ra4 1/2-1/2

[Event "SVR-ch MTA 31th"]
[Site "Idar Oberstein"]
[Date "2008.03.16"]
[Round "5"]
[White "Eschke, Lars"]
[Black "Klein, Maximilian"]
[Result "1-0"]
[WhiteElo "2166"]
[BlackElo "1926"]
[PlyCount "149"]
[EventDate "2008.03.14"]
[EventType "tourn"]
[EventRounds "9"]
[EventCountry "GER"]
[SourceTitle "EXT 2009"]
[Source "ChessBase"]
[SourceDate "2008.11.26"]
[SourceVersion "1"]
[SourceVersionDate "2008.11.26"]
[SourceQuality "1"]

1. d4 d5 2. c4 c6 3. Nc3 Nf6 4. e3 a6 5. a4 Nbd7 6. Nf3 Nb6 7. Ne5 Nxc4 8. Nxc4 dxc4 9. Bxc4 e6 10. 0-0 Bb4 11. Qb3 a5 12. f3 0-0 13. Rd1 Qb6 14. e4 e5 15. Be3 exd4 16. Bxd4 c5 17. Bxf6 Qxf6 18. Nd5 Qe5 19. Nb6 Rb8 20. Bxf7+ Kh8 21. Bc4 Qg5 22. Kh1 Qh6 23. Nd5 Be6 24. Nxb4 Bxc4 25. Qxc4 cxb4 26. Qc7 b6 27. Rac1 Rfe8 28. Rd6 Qe3 29. Rcd1 Qb3 30. Qxb8 Qxd1+ 31. Rxd1 Rxb8 32. Kg1 Kg8 33. Kf2 b5 34. axb5 Rxb5 35. Ke3 Kf7 36. Kd4 a4 37. Kc4 Rb7 38. Ra1 a3 39. Kb3 axb2 40. Kxb2 Rd7 41. Kb3 Rd2 42. Ra2 Rd4 43. Re2 g5 44. Kc2 Rc4+ 45. Kd3 Rc3+ 46. Kd4 Ke6 47. Rb2 h5 48. h4 gxh4 49. Rxb4 h3 50. Rb6+ Kf7 51. Rb7+ Kf8 52. gxh3 Rxf3 53. Ke5 Rxh3 54. Ke6 Re3 55. e5 h4 56. Rf7+ Ke8 57. Rf2 Ra3 58. Kf6 Kf8 59. Rf5 h3 60. Rh5 Rf3+ 61. Ke6 Rd3 62. Rh4 Ra3 63. Rf4+ Ke8 64. Kf6 h2 65. Rh4 Ra2 66. Rh8+ Kd7 67. e6+ Kd6 68. Rd8+ Kc7 69. Rd1 Rf2+ 70. Ke7 Rf3 71. Rc1+ Kb7 72. Ke8 Re3 73. e7 Rf3 74. Rd1 Rh3 75. Kd8 1-0

[Event "SVR-ch MTA 31th"]
[Site "Idar Oberstein"]
[Date "2008.03.15"]
[Round "2"]
[White "Schwab, Thomas"]
[Black "Klein, Maximilian"]
[Result "1-0"]
[WhiteElo "2125"]
[BlackElo "1926"]
[PlyCount "53"]
[EventDate "2008.03.14"]
[EventType "tourn"]
[EventRounds "9"]
[EventCountry "GER"]
[SourceTitle "EXT 2009"]
[Source "ChessBase"]
[SourceDate "2008.11.26"]
[SourceVersion "1"]
[SourceVersionDate "2008.11.26"]
[SourceQuality "1"]

1. e4 c6 2. Nf3 d5 3. exd5 cxd5 4. Ne5 Nf6 5. d4 e6 6. c3 Be7 7. Nd2 0-0 8. Bd3 Nbd7 9. f4 Ne8 10. 0-0 Nd6 11. Qe2 Re8 12. Kh1 Bf8 13. Rf3 f5 14. Rh3 Nf6 15. Ndf3 Nde4 16. Bd2 Nxd2 17. Nxd2 Bd6 18. Rg1 Bxe5 19. fxe5 Ng4 20. Rf1 Rf8 21. Nf3 Bd7 22. Rg3 Be8 23. Qd2 Bg6 24. Qf4 Rc8 25. h3 Nh6 26. Nh4 Bh5 27. Qxh6 1-0

[Event "SVR-ch MAT-II 30th"]
[Site "Nickenich"]
[Date "2007.04.05"]
[Round "7"]
[White "Klein, Maximilian"]
[Black "Grabinski, Robert"]
[Result "1-0"]
[WhiteElo "1734"]
[BlackElo "1789"]
[PlyCount "33"]
[EventDate "2007.03.30"]
[EventType "tourn"]
[EventRounds "9"]
[EventCountry "GER"]
[SourceTitle "EXT 2009"]
[Source "ChessBase"]
[SourceDate "2008.11.26"]
[SourceVersion "1"]
[SourceVersionDate "2008.11.26"]
[SourceQuality "1"]

1. e4 d6 2. d4 Nf6 3. Nc3 g6 4. Bd3 Bg7 5. Nf3 0-0 6. 0-0 Nbd7 7. e5 dxe5 8. dxe5 Ng4 9. e6 fxe6 10. Bc4 Nb6 11. Qe2 Nxc4 12. Qxc4 Ne5 13. Nxe5 Bxe5 14. Rd1 Bd6 15. Bh6 Rf5 16. g4 Rc5 17. Qxc5 1-0

[Event "SVR-ch MAT-II 30th"]
[Site "Nickenich"]
[Date "2007.04.01"]
[Round "4"]
[White "Engels, Gerd"]
[Black "Klein, Maximilian"]
[Result "0-1"]
[WhiteElo "1994"]
[BlackElo "1734"]
[PlyCount "142"]
[EventDate "2007.03.30"]
[EventType "tourn"]
[EventRounds "9"]
[EventCountry "GER"]
[SourceTitle "EXT 2009"]
[Source "ChessBase"]
[SourceDate "2008.11.26"]
[SourceVersion "1"]
[SourceVersionDate "2008.11.26"]
[SourceQuality "1"]

1. d4 d5 2. Nf3 Nf6 3. e3 e6 4. Bd3 Bd6 5. Nbd2 0-0 6. Ne5 c5 7. c3 Nbd7 8. f4 c4 9. Bc2 b5 10. 0-0 Bb7 11. Qf3 b4 12. Nexc4 Ba6 13. Nxd6 Bxf1 14. Qxf1 Qb6 15. e4 bxc3 16. bxc3 Qxd6 17. e5 Qc6 18. exf6 Qxc3 19. Qd3 Qxd3 20. Bxd3 Nxf6 21. Ba3 Rfc8 22. Rc1 Rxc1+ 23. Bxc1 Rc8 24. Bb2 Ng4 25. f5 Ne3 26. fxe6 fxe6 27. Nb3 Nc4 28. Bc1 e5 29. dxe5 Nxe5 30. Bf5 Rc6 31. Bf4 Nf7 32. Be3 Ra6 33. Bb1 Ne5 34. h3 Nc4 35. Bd4 Nb6 36. Kf2 Nd7 37. Nc5 Nxc5 38. Bxc5 g6 39. a3 Ra5 40. Bb4 Rb5 41. Ke3 Kf7 42. Kd4 Ke6 43. Bd3 Rb7 44. Be2 h5 45. g4 h4 46. Bd3 Rg7 47. Be1 g5 48. Bb4 Rc7 49. Bc5 Rb7 50. Bf5+ Kf6 51. Kxd5 Rb3 52. Bxa7 Rxa3 53. Bd4+ Kf7 54. Ke5 Rxh3 55. Be4 Ra3 56. Bd5+ Kg6 57. Bb2 Rg3 58. Be4+ Kh6 59. Kf5 Rb3 60. Bd4 Rb5+ 61. Kf6 Rb4 62. Ke5 Rb5+ 63. Kd6 h3 64. Kc6 Rb4 65. Kc5 Ra4 66. Kd5 h2 67. Bh1 Rb4 68. Be4 Rb1 69. Bc5 Kg7 70. Bd4+ Kf7 71. Ke5 Re1 0-1

[Event "SVR-ch MAT-II 30th"]
[Site "Nickenich"]
[Date "2007.04.01"]
[Round "5"]
[White "Klein, Maximilian"]
[Black "Bruziks, George"]
[Result "1/2-1/2"]
[WhiteElo "1734"]
[BlackElo "1923"]
[PlyCount "21"]
[EventDate "2007.03.30"]
[EventType "tourn"]
[EventRounds "9"]
[EventCountry "GER"]
[SourceTitle "EXT 2009"]
[Source "ChessBase"]
[SourceDate "2008.11.26"]
[SourceVersion "1"]
[SourceVersionDate "2008.11.26"]
[SourceQuality "1"]

1. e4 c5 2. Nf3 Nc6 3. d4 cxd4 4. Nxd4 Nf6 5. Nc3 d6 6. Be2 e6 7. Be3 a6 8. a4 Bd7 9. 0-0 Be7 10. Kh1 Nxd4 11. Bxd4 1/2-1/2

[Event "SVR-ch MAT-I 29th"]
[Site "Koblenz"]
[Date "2006.04.08"]
[Round "2"]
[White "Klein, Maximilian"]
[Black "Frenkel, Vladeslav"]
[Result "0-1"]
[WhiteElo "1728"]
[BlackElo "2090"]
[PlyCount "20"]
[EventDate "2006.04.07"]
[EventType "tourn"]
[EventRounds "9"]
[EventCountry "GER"]
[SourceTitle "EXT 2009"]
[Source "ChessBase"]
[SourceDate "2008.11.26"]
[SourceVersion "1"]
[SourceVersionDate "2008.11.26"]
[SourceQuality "1"]

1. d4 d5 2. c4 Bf5 3. Nc3 e6 4. cxd5 exd5 5. Qb3 Nc6 6. Qxb7 Nxd4 7. Qxd5 Qxd5 8. Nxd5 0-0-0 9. Ne3 Nb3 10. Nxf5 Bb4+ 0-1